[Event "Madrid-ch Seniors 50"]
[Site "Madrid"]
[Date "2020.01.23"]
[Round "9"]
[White "Minguela Munoz, Bienvenido"]
[Black "Marin Aso, Jose Luis"]
[Result "1/2-1/2"]
[WhiteElo "1808"]
[BlackElo "1907"]
[PlyCount "106"]
[EventDate "2020.01.13"]
[EventType "swiss"]
[EventRounds "9"]
[EventCountry "ESP"]
[SourceTitle "CBM 194 Extra"]
[Source "ChessBase"]
[SourceDate "2020.03.31"]
[SourceVersion "1"]
[SourceVersionDate "2020.03.31"]
[SourceQuality "1"]

1. c4 Nf6 2. Nc3 g6 3. d4 Bg7 4. e4 d6 5. Nf3 0-0 6. Be2 Nbd7 7. 0-0 e5 8. d5 Nc5 9. Nd2 a5 10. Qc2 Nfd7 11. Nb3 f5 12. f3 Nf6 13. Nxc5 dxc5 14. Be3 Qe7 15. Rad1 Nh5 16. exf5 gxf5 17. Na4 b6 18. d6 cxd6 19. Nxb6 Rb8 20. Nd5 Qf7 21. b3 Bb7 22. Rd2 f4 23. Bf2 Nf6 24. Nc3 Ne8 25. Ne4 Qg6 26. Bd3 Qh6 27. Rfd1 Rf5 28. Bf1 Rh5 29. h3 Bf8 30. Qc3 Bxe4 31. fxe4 Rb4 32. Be2 Rg5 33. Bg4 Ng7 34. Qf3 Qg6 35. Bh4 h5 36. Bxg5 Qxg5 37. Bd7 Rb6 38. Kh1 Qe7 39. Bb5 Qg5 40. Rg1 Ne6 41. Be8 h4 42. Qh5 Qxh5 43. Bxh5 Nd4 44. Be8 Bh6 45. Bh5 Kf8 46. Rf2 Ke7 47. Bf3 Rb8 48. Rd1 Bg7 49. Rd3 Bf6 50. Rb2 a4 51. Bd1 a3 52. Rbd2 Kf8 53. Bg4 Ke7 1/2-1/2

[Event "Madrid-ch Seniors 50"]
[Site "Madrid"]
[Date "2020.01.15"]
[Round "3"]
[White "Nevado Munoz, Rafael"]
[Black "Minguela Munoz, Bienvenido"]
[Result "1-0"]
[WhiteElo "1467"]
[BlackElo "1808"]
[PlyCount "89"]
[EventDate "2020.01.13"]
[EventType "swiss"]
[EventRounds "9"]
[EventCountry "ESP"]
[SourceTitle "CBM 194 Extra"]
[Source "ChessBase"]
[SourceDate "2020.03.31"]
[SourceVersion "1"]
[SourceVersionDate "2020.03.31"]
[SourceQuality "1"]

1. e4 c5 2. Nf3 Nc6 3. d4 cxd4 4. Nxd4 Nf6 5. Nc3 Qb6 6. Nb3 e6 7. Be3 Qc7 8. a3 a6 9. Qd2 Ng4 10. Be2 Nxe3 11. Qxe3 b5 12. 0-0 Bd6 13. f4 Na5 14. Kh1 Nxb3 15. cxb3 Bb7 16. Bd3 0-0 17. Rac1 Qd8 18. e5 Be7 19. Be4 Bxe4 20. Nxe4 Rc8 21. Rxc8 Qxc8 22. Rc1 Qb7 23. b4 Rc8 24. Rxc8+ Qxc8 25. Qc3 Qc4 26. Qxc4 bxc4 27. Kg1 f5 28. Nd2 d5 29. exd6 Bxd6 30. g3 Kf7 31. Kf2 g5 32. Nxc4 Bc7 33. Kf3 g4+ 34. Ke2 h5 35. Kd3 h4 36. a4 h3 37. b5 axb5 38. axb5 Bxf4 39. gxf4 g3 40. Ne5+ Ke7 41. Nf3 g2 42. Ng1 Kd6 43. b6 Kc6 44. Kd4 Kxb6 45. Ke5 1-0

[Event "Madrid-ch Seniors 50"]
[Site "Madrid"]
[Date "2020.01.13"]
[Round "1"]
[White "Infante Martin, Alonso"]
[Black "Minguela Munoz, Bienvenido"]
[Result "0-1"]
[WhiteElo "1362"]
[BlackElo "1808"]
[PlyCount "72"]
[EventDate "2020.01.13"]
[EventType "swiss"]
[EventRounds "9"]
[EventCountry "ESP"]
[SourceTitle "CBM 194 Extra"]
[Source "ChessBase"]
[SourceDate "2020.03.31"]
[SourceVersion "1"]
[SourceVersionDate "2020.03.31"]
[SourceQuality "1"]

1. d4 Nf6 2. c4 d6 3. Nc3 g6 4. e4 Bg7 5. f3 Na6 6. a3 c5 7. e5 dxe5 8. dxe5 Qxd1+ 9. Nxd1 Nd7 10. f4 Nf8 11. Nf3 Ne6 12. Be3 Bd7 13. Nc3 Bc6 14. Be2 Rd8 15. 0-0 Nac7 16. b4 b6 17. b5 Bb7 18. a4 0-0 19. a5 Nd4 20. Bd1 Nce6 21. axb6 axb6 22. Ra7 Bxf3 23. gxf3 Ra8 24. Rxa8 Rxa8 25. Nd5 Nf5 26. Bf2 Ra2 27. Nxb6 Nxf4 28. Nd5 Nh3+ 29. Kg2 Nxf2 30. Rxf2 Rxf2+ 31. Kxf2 Bxe5 32. f4 Bd4+ 33. Ke2 e6 34. Nf6+ Bxf6 35. b6 Nd6 36. Kd3 Bd8 0-1

[Event "De los Reyes op 21st"]
[Site "De los Reyes"]
[Date "2019.12.07"]
[Round "8"]
[White "Vallespin Morales, Antonio"]
[Black "Minguela Munoz, Bienvenido"]
[Result "0-1"]
[WhiteElo "1407"]
[BlackElo "1812"]
[PlyCount "91"]
[EventDate "2019.11.30"]
[EventType "swiss"]
[EventRounds "9"]
[EventCountry "ESP"]
[SourceTitle "CBM 193 Extra"]
[Source "ChessBase"]
[SourceDate "2020.01.31"]
[SourceVersion "1"]
[SourceVersionDate "2020.01.31"]
[SourceQuality "1"]

1. e4 c5 2. Nf3 Nc6 3. d4 cxd4 4. Nxd4 Qb6 5. Nxc6 bxc6 6. Bd3 e5 7. 0-0 Nf6 8. b3 Qc7 9. Nd2 Be7 10. Nf3 0-0 11. Bg5 d5 12. Bxf6 Bxf6 13. Qe2 Bg4 14. h3 Bh5 15. c4 d4 16. Kh2 c5 17. Rg1 Bg5 18. g4 Bf4+ 19. Kh1 Qd7 20. Ne1 Bg6 21. Ng2 Bg5 22. Raf1 h5 23. f4 Bf6 24. f5 Bh7 25. gxh5 Kh8 26. Kh2 a5 27. Ne1 a4 28. Bc2 axb3 29. Bxb3 Qe7 30. Nd3 Rad8 31. Rg2 Bg5 32. Rf3 Bh6 33. Rf1 Bf4+ 34. Nxf4 exf4 35. Rxf4 Qe5 36. Qf3 d3 37. Rd2 Rd4 38. Kg1 Rfd8 39. Ba4 Rxc4 40. Bc6 Rc1+ 41. Kf2 Qd4+ 42. Qe3 Rf1+ 43. Kxf1 Qxe3 44. Rdf2 c4 45. Bb5 c3 46. f6 0-1

[Event "Madrid-ch Seniors 50"]
[Site "Madrid"]
[Date "2019.01.10"]
[Round "4"]
[White "Sanchez Peral, Pedro"]
[Black "Minguela Munoz, Bienvenido"]
[Result "0-1"]
[WhiteElo "1873"]
[BlackElo "1802"]
[PlyCount "76"]
[EventDate "2019.01.07"]
[EventType "swiss"]
[EventRounds "9"]
[EventCountry "ESP"]
[SourceTitle "CBM 188 Extra"]
[Source "ChessBase"]
[SourceDate "2019.02.26"]
[SourceVersion "1"]
[SourceVersionDate "2019.02.26"]
[SourceQuality "1"]

1. e4 c5 2. Nf3 Nc6 3. d4 cxd4 4. Nxd4 e5 5. Nb5 d6 6. N1c3 a6 7. Na3 Be6 8. Bd3 b5 9. Nd5 Nf6 10. Bg5 Bxd5 11. exd5 Ne7 12. Bxf6 gxf6 13. c4 Qa5+ 14. Kf1 b4 15. Nc2 f5 16. Qd2 e4 17. Be2 Bg7 18. Qxb4 Qxb4 19. Nxb4 Bxb2 20. Rb1 Be5 21. g3 h5 22. f4 exf3 23. Bxf3 h4 24. Kf2 Bd4+ 25. Kg2 h3+ 26. Kf1 Rb8 27. Ke2 Rb6 28. Kd3 Be5 29. Nc2 Rxb1 30. Rxb1 Ng6 31. Rb8+ Ke7 32. Rb7+ Kf6 33. Nb4 f4 34. g4 Nh4 35. Bd1 f3 36. Ke3 Bxh2 37. Bxf3 Bg1+ 38. Kf4 Nxf3 0-1

[Event "San Sebastian de los Reyes op 20th"]
[Site "San Sebastian"]
[Date "2018.12.05"]
[Round "5"]
[White "Gonzalez Garcia, Luis"]
[Black "Minguela Munoz, Bienvenido"]
[Result "1/2-1/2"]
[WhiteElo "1505"]
[BlackElo "1792"]
[PlyCount "43"]
[EventDate "2018.12.01"]
[EventType "swiss"]
[EventRounds "9"]
[EventCountry "ESP"]
[SourceTitle "CBM 187 Extra"]
[Source "ChessBase"]
[SourceDate "2018.11.04"]
[SourceVersion "1"]
[SourceVersionDate "2018.11.04"]
[SourceQuality "1"]

1. d4 Nf6 2. Bf4 d5 3. e3 e6 4. Nf3 Nbd7 5. Bd3 c5 6. c3 Be7 7. Nbd2 0-0 8. h3 Re8 9. 0-0 Nf8 10. Ne5 Ng6 11. Bg5 c4 12. Bc2 Nd7 13. Bxe7 Rxe7 14. f4 Ndxe5 15. fxe5 b5 16. Qg4 Rc7 17. Qg3 Qh4 18. Qf2 Qxf2+ 19. Rxf2 a5 20. Raf1 Ba6 21. Nf3 b4 22. Bxg6 1/2-1/2

[Event "San Sebastian de los Reyes op 20th"]
[Site "San Sebastian"]
[Date "2018.12.04"]
[Round "4"]
[White "Minguela Munoz, Bienvenido"]
[Black "Lin, Ying Rui"]
[Result "0-1"]
[WhiteElo "1792"]
[BlackElo "1463"]
[PlyCount "80"]
[EventDate "2018.12.01"]
[EventType "swiss"]
[EventRounds "9"]
[EventCountry "ESP"]
[SourceTitle "CBM 187 Extra"]
[Source "ChessBase"]
[SourceDate "2018.11.04"]
[SourceVersion "1"]
[SourceVersionDate "2018.11.04"]
[SourceQuality "1"]

1. Nf3 d5 2. d4 Bg4 3. Ne5 Bf5 4. c4 dxc4 5. Nc3 Nf6 6. Bg5 h6 7. Bh4 Nbd7 8. Nxc4 c6 9. f3 g5 10. Bf2 Bg7 11. e4 Bg6 12. Bd3 b5 13. Nd2 0-0 14. 0-0 e5 15. Nb3 exd4 16. Bxd4 Rc8 17. Bf2 a5 18. Nc5 Nxc5 19. Bxc5 Re8 20. Be2 Nd7 21. Bf2 Qe7 22. Qc2 Ne5 23. Rfd1 a4 24. g4 h5 25. h3 Qf6 26. Kg2 hxg4 27. hxg4 b4 28. Nxa4 Nxg4 29. Bd4 Qf4 30. Bg1 Be5 31. Qc5 Qg3+ 32. Kf1 Nf6 33. Bf2 Qh3+ 34. Ke1 Bf4 35. Rd3 Nd7 36. Qxb4 Ne5 37. Rb3 Qh1+ 38. Bf1 Nxf3+ 39. Rxf3 Qxf3 40. Nc3 Bxe4 0-1

[Event "San Sebastian de los Reyes op 20th"]
[Site "San Sebastian"]
[Date "2018.12.03"]
[Round "3"]
[White "Pindado Campos, Raul"]
[Black "Minguela Munoz, Bienvenido"]
[Result "1/2-1/2"]
[WhiteElo "2065"]
[BlackElo "1792"]
[PlyCount "60"]
[EventDate "2018.12.01"]
[EventType "swiss"]
[EventRounds "9"]
[EventCountry "ESP"]
[SourceTitle "CBM 187 Extra"]
[Source "ChessBase"]
[SourceDate "2018.11.04"]
[SourceVersion "1"]
[SourceVersionDate "2018.11.04"]
[SourceQuality "1"]

1. e4 c5 2. Nf3 Nc6 3. d4 cxd4 4. Nxd4 Nf6 5. Nc3 e5 6. Ndb5 d6 7. Nd5 Nxd5 8. exd5 Nb8 9. a4 a6 10. Na3 Be7 11. Be3 0-0 12. Nc4 Nd7 13. a5 f5 14. Be2 f4 15. Bb6 Qe8 16. Bh5 g6 17. Bg4 Nf6 18. Be2 Bf5 19. f3 Rc8 20. Bf2 e4 21. fxe4 Bxe4 22. 0-0 Qf7 23. Nb6 Rxc2 24. Ra4 Rc7 25. Rd4 g5 26. Re1 Qg6 27. Bc4 Bf5 28. b3 Ng4 29. Rd2 Nxf2 30. Rxf2 Bf6 1/2-1/2

[Event "Madrid-ch Seniors 50"]
[Site "Madrid"]
[Date "2018.01.16"]
[Round "7"]
[White "Vinas Lopez, Carlos"]
[Black "Minguela Munoz, Bienvenido"]
[Result "1-0"]
[WhiteElo "1884"]
[BlackElo "1819"]
[PlyCount "105"]
[EventDate "2018.01.08"]
[EventType "swiss"]
[EventRounds "9"]
[EventCountry "ESP"]
[SourceTitle "CBM 182 Extra"]
[Source "ChessBase"]
[SourceDate "2018.02.23"]
[SourceVersion "1"]
[SourceVersionDate "2018.02.23"]
[SourceQuality "1"]

1. d4 Nf6 2. Bg5 Ne4 3. Bf4 e6 4. Nd2 d5 5. Nxe4 dxe4 6. e3 Bd6 7. Bxd6 cxd6 8. Qg4 0-0 9. Qxe4 Qb6 10. 0-0-0 Qa5 11. Kb1 Nc6 12. Ne2 e5 13. Nc3 exd4 14. exd4 Bf5 15. Qd5 Bxc2+ 16. Kc1 Qxd5 17. Nxd5 Bxd1 18. Kxd1 Nxd4 19. Bd3 Kh8 20. Kd2 Rac8 21. Re1 Rc5 22. Nc3 Re5 23. Rc1 Rfe8 24. Bc4 d5 25. Bxd5 Rd8 26. Kd3 Nc6 27. Kc4 b5+ 28. Kxb5 Ne7 29. f4 Rexd5+ 30. Nxd5 Rxd5+ 31. Ka6 Rd2 32. Rc7 Ng8 33. Rb7 h5 34. a4 Rxg2 35. Kxa7 g5 36. fxg5 Rxh2 37. a5 Rg2 38. a6 Rxg5 39. Kb8 Nf6 40. a7 Rg8+ 41. Kc7 Nd5+ 42. Kc6 Kh7 43. Kxd5 Rg5+ 44. Ke4 Ra5 45. b4 Ra3 46. b5 h4 47. b6 h3 48. Rxf7+ Kg6 49. Rf2 Kg5 50. b7 Ra4+ 51. Kd5 Ra5+ 52. Kc6 Ra6+ 53. Kb5 1-0

[Event "Madrid-ch Seniors 50"]
[Site "Madrid"]
[Date "2018.01.10"]
[Round "3"]
[White "Ramos Antona, Enrique"]
[Black "Minguela Munoz, Bienvenido"]
[Result "0-1"]
[WhiteElo "1608"]
[BlackElo "1819"]
[PlyCount "98"]
[EventDate "2018.01.08"]
[EventType "swiss"]
[EventRounds "9"]
[EventCountry "ESP"]
[SourceTitle "CBM 182 Extra"]
[Source "ChessBase"]
[SourceDate "2018.02.23"]
[SourceVersion "1"]
[SourceVersionDate "2018.02.23"]
[SourceQuality "1"]

1. d4 Nf6 2. c4 g6 3. Nc3 Bg7 4. e4 d6 5. Be2 0-0 6. Bg5 c6 7. Qd2 Qa5 8. Nf3 Re8 9. 0-0 Nbd7 10. h3 e5 11. d5 cxd5 12. cxd5 Nc5 13. Bxf6 Bxf6 14. Rab1 Qd8 15. b4 Nd7 16. Rfc1 a6 17. Rb3 Bg7 18. Bd3 Nf6 19. Ne2 Nxd5 20. Ng3 Nf4 21. Bf1 Be6 22. Rbc3 Rc8 23. Rxc8 Bxc8 24. Bc4 Qf6 25. Kh2 Nxh3 26. gxh3 Qxf3 27. Rc3 Qf4 28. Qe2 Qh4 29. Qf1 Bh6 30. Qg2 Bf4 31. Bd5 Qe7 32. Kh1 Bxg3 33. fxg3 Be6 34. Qc2 Bxd5 35. exd5 Qd7 36. Kg2 Re7 37. g4 Qb5 38. a3 Qxd5+ 39. Kg3 Qe6 40. Qf2 e4 41. g5 d5 42. Qf6 Qxf6 43. gxf6 Re8 44. Rc7 e3 45. Re7 Kf8 46. Kf3 Rxe7 47. fxe7+ Kxe7 48. Kxe3 Kd6 49. Kf4 f5 0-1

[Event "Madrid-ch Seniors 50"]
[Site "Madrid"]
[Date "2018.01.09"]
[Round "2"]
[White "Minguela Munoz, Bienvenido"]
[Black "Lopez de Turiso, Jose Angel"]
[Result "0-1"]
[WhiteElo "1819"]
[BlackElo "2020"]
[PlyCount "68"]
[EventDate "2018.01.08"]
[EventType "swiss"]
[EventRounds "9"]
[EventCountry "ESP"]
[SourceTitle "CBM 182 Extra"]
[Source "ChessBase"]
[SourceDate "2018.02.23"]
[SourceVersion "1"]
[SourceVersionDate "2018.02.23"]
[SourceQuality "1"]

1. d4 f5 2. c4 Nf6 3. Nf3 e6 4. Nc3 Be7 5. g3 0-0 6. Bg2 d6 7. 0-0 Qe8 8. b4 a5 9. Nb5 Bd8 10. bxa5 Rxa5 11. Bd2 Ra8 12. Qb3 Ne4 13. Bf4 Nc6 14. h4 h6 15. c5 dxc5 16. Nxc7 Bxc7 17. Bxc7 cxd4 18. Rfd1 Qe7 19. Bb6 Ra3 20. Qb2 e5 21. Rac1 Nc3 22. Rxd4 exd4 23. e3 Rxa2 24. Bc5 Rxb2 25. Bxe7 Ne2+ 26. Kf1 Nxc1 27. Bxf8 Kxf8 28. exd4 Nd3 29. d5 Rxf2+ 30. Kg1 Ncb4 31. d6 Bd7 32. Nd4 Rd2 33. Bxb7 Nc5 34. Nf3 Rd1+ 0-1

[Event "San Sebastian de los Reyes op 19th"]
[Site "San Sebastian"]
[Date "2017.12.07"]
[Round "6"]
[White "Minguela Munoz, Bienvenido"]
[Black "Hernandez Ramos, David"]
[Result "0-1"]
[WhiteElo "1813"]
[BlackElo "2054"]
[PlyCount "60"]
[EventDate "2017.12.02"]
[EventType "swiss"]
[EventRounds "9"]
[EventCountry "ESP"]
[SourceTitle "CBM 182 Extra"]
[Source "ChessBase"]
[SourceDate "2018.02.23"]
[SourceVersion "1"]
[SourceVersionDate "2018.02.23"]
[SourceQuality "1"]

1. d4 e6 2. c4 Nf6 3. Nf3 d5 4. Bg5 Be7 5. e3 0-0 6. Nbd2 b6 7. cxd5 Nxd5 8. Bxe7 Qxe7 9. Rc1 Bb7 10. Bd3 Nd7 11. 0-0 Rac8 12. Ne4 h6 13. Bb1 Rfd8 14. g4 N5f6 15. Nxf6+ Qxf6 16. e4 c5 17. Qd3 cxd4 18. Rxc8 Rxc8 19. Kg2 e5 20. Nd2 Nc5 21. Qg3 Ne6 22. h4 a5 23. Kh2 Nf4 24. g5 hxg5 25. hxg5 Qg6 26. Qg4 Rc5 27. Nb3 Qh7+ 28. Kg3 Bc8 29. g6 fxg6 30. Qh4 Ne2+ 0-1

[Event "San Sebastian de los Reyes op 19th"]
[Site "San Sebastian"]
[Date "2017.12.05"]
[Round "4"]
[White "Minguela Munoz, Bienvenido"]
[Black "Llamas Martinez, Pablo"]
[Result "1-0"]
[WhiteElo "1813"]
[BlackElo "1433"]
[PlyCount "63"]
[EventDate "2017.12.02"]
[EventType "swiss"]
[EventRounds "9"]
[EventCountry "ESP"]
[SourceTitle "CBM 182 Extra"]
[Source "ChessBase"]
[SourceDate "2018.02.23"]
[SourceVersion "1"]
[SourceVersionDate "2018.02.23"]
[SourceQuality "1"]

1. d4 Nf6 2. c4 g6 3. Nc3 d5 4. cxd5 Nxd5 5. Bd2 Bg7 6. e4 Nxc3 7. bxc3 c5 8. Bb5+ Bd7 9. Bxd7+ Nxd7 10. Nf3 0-0 11. 0-0 Rc8 12. Rb1 b6 13. Re1 e5 14. d5 c4 15. Bg5 f6 16. Be3 Nc5 17. Bxc5 Rxc5 18. a4 f5 19. Rb5 Rxb5 20. axb5 f4 21. d6 Qc8 22. Qd5+ Kh8 23. Nxe5 Bxe5 24. Qxe5+ Kg8 25. Qd5+ Kh8 26. d7 Qc7 27. Rd1 Rd8 28. e5 Kg7 29. e6 Kf6 30. Re1 Ke7 31. Qg5+ Kd6 32. Qxf4+ 1-0

[Event "San Sebastian de los Reyes op 19th"]
[Site "San Sebastian"]
[Date "2017.12.02"]
[Round "1"]
[White "Busto Alvarez, Francisco"]
[Black "Minguela Munoz, Bienvenido"]
[Result "0-1"]
[WhiteElo "1200"]
[BlackElo "1813"]
[PlyCount "42"]
[EventDate "2017.12.02"]
[EventType "swiss"]
[EventRounds "9"]
[EventCountry "ESP"]
[SourceTitle "CBM 182 Extra"]
[Source "ChessBase"]
[SourceDate "2018.02.23"]
[SourceVersion "1"]
[SourceVersionDate "2018.02.23"]
[SourceQuality "1"]

1. e4 c5 2. d4 cxd4 3. c3 d3 4. Bxd3 e5 5. Nf3 Nc6 6. Be3 Nf6 7. Bg5 Bc5 8. 0-0 Qb6 9. Bxf6 gxf6 10. b4 Be7 11. Nbd2 d6 12. Nc4 Qc7 13. Ne3 Be6 14. a4 Rg8 15. Nh4 Rg5 16. Nhf5 Bxf5 17. Nxf5 Nd8 18. Bb5+ Kf8 19. Qd5 Ne6 20. Nh6 Rxg2+ 21. Kxg2 Nf4+ 0-1

[Event "Madrid-ch Seniors 50"]
[Site "Madrid"]
[Date "2017.01.11"]
[Round "3"]
[White "Minguela Munoz, Bienvenido"]
[Black "Villodre Miranda, Juan Alonso"]
[Result "1-0"]
[WhiteElo "1786"]
[BlackElo "1652"]
[PlyCount "95"]
[EventDate "2017.01.09"]
[EventType "swiss"]
[EventRounds "9"]
[EventCountry "ESP"]
[SourceTitle "CBM 176 Extra"]
[Source "ChessBase"]
[SourceDate "2017.03.02"]
[SourceVersion "1"]
[SourceVersionDate "2017.03.02"]
[SourceQuality "1"]

1. d4 d5 2. c4 e6 3. Nf3 c6 4. Nc3 Bb4 5. Qb3 Bxc3+ 6. Qxc3 h6 7. Bf4 Nf6 8. Nd2 dxc4 9. e4 b5 10. a4 a6 11. b3 cxb3 12. axb5 cxb5 13. Bxb5+ Bd7 14. Bd3 0-0 15. 0-0 a5 16. Nxb3 a4 17. Nc5 Qa5 18. Qxa5 Rxa5 19. Bxb8 Rxb8 20. e5 Rxc5 21. dxc5 Nd5 22. Rfc1 Nb4 23. Be4 Bc6 24. Bxc6 Nxc6 25. f4 Nd4 26. Ra2 a3 27. c6 Rc8 28. Kf2 Rxc6 29. Rxc6 Nxc6 30. Rxa3 g6 31. Ke3 h5 32. Ra4 Ne7 33. Kd4 Nf5+ 34. Kc5 Kg7 35. Kc6 Ne3 36. g3 Nf1 37. Ra2 Ne3 38. Kd7 Nf5 39. Ke8 Nh6 40. Ra7 Kg8 41. h3 Kg7 42. g4 hxg4 43. hxg4 Nxg4 44. Rxf7+ Kh6 45. Ke7 g5 46. fxg5+ Kxg5 47. Rg7+ Kf5 48. Rxg4 1-0

[Event "Madrid-ch Seniors 50"]
[Site "Madrid"]
[Date "2017.01.10"]
[Round "2"]
[White "Lorenzo Bailador, Alfredo"]
[Black "Minguela Munoz, Bienvenido"]
[Result "1-0"]
[WhiteElo "1999"]
[BlackElo "1786"]
[PlyCount "85"]
[EventDate "2017.01.09"]
[EventType "swiss"]
[EventRounds "9"]
[EventCountry "ESP"]
[SourceTitle "CBM 176 Extra"]
[Source "ChessBase"]
[SourceDate "2017.03.02"]
[SourceVersion "1"]
[SourceVersionDate "2017.03.02"]
[SourceQuality "1"]

1. e4 c5 2. c3 Nf6 3. e5 Nd5 4. d4 cxd4 5. Nf3 e6 6. cxd4 d6 7. Bc4 Nb6 8. Bd3 Nc6 9. Nc3 Bd7 10. 0-0 dxe5 11. dxe5 Nb4 12. Bb1 Qc7 13. Qe2 Rc8 14. a3 N4d5 15. Bd2 Nxc3 16. Bxc3 Nd5 17. Bd4 a6 18. Re1 Be7 19. Be4 Bc6 20. Rac1 Qd7 21. g3 h5 22. h4 0-0 23. Red1 Bb5 24. Qd2 Rxc1 25. Rxc1 Bc6 26. Bc5 Bxc5 27. Rxc5 Qe7 28. Rc1 Rd8 29. Ng5 f5 30. Bg2 g6 31. Rd1 Kg7 32. Nf3 Ba4 33. Rc1 Nc7 34. Qa5 Bc6 35. Qb6 Qd7 36. Ng5 Qd2 37. Rxc6 bxc6 38. Qxc7+ Rd7 39. Nxe6+ Kh6 40. Qxc6 Qe1+ 41. Kh2 Rh7 42. Qd6 Qxf2 43. Qf8+ 1-0

[Event "Madrid-ch Seniors"]
[Site "Madrid"]
[Date "2016.01.15"]
[Round "5"]
[White "Minguela Munoz, Bienvenido"]
[Black "Garcia Martin, Esteban"]
[Result "1-0"]
[WhiteElo "1728"]
[BlackElo "1894"]
[PlyCount "101"]
[EventDate "2016.01.11"]
[EventType "swiss"]
[EventRounds "9"]
[EventCountry "ESP"]
[SourceTitle "EXT 2017"]
[Source "ChessBase"]
[SourceDate "2016.10.25"]
[SourceVersion "1"]
[SourceVersionDate "2016.10.25"]
[SourceQuality "1"]

1. Nf3 Nf6 2. d4 b6 3. e3 Bb7 4. Bd3 e6 5. 0-0 Be7 6. c4 d5 7. cxd5 exd5 8. Nc3 0-0 9. Ne5 Nbd7 10. f4 Ne4 11. Qf3 f5 12. Qh3 c5 13. Nxe4 Nxe5 14. Nxc5 Nxd3 15. Nxd3 Ba6 16. Rd1 Rc8 17. Ne5 Rc2 18. Nf3 Qd7 19. Qg3 Rfc8 20. Ne1 R2c6 21. Bd2 R8c7 22. Qf3 g5 23. fxg5 Bxg5 24. Rdc1 Kg7 25. Qg3 Kf6 26. Nf3 Rxc1+ 27. Rxc1 Rxc1+ 28. Bxc1 Bh6 29. Qh4+ Kg7 30. Qg3+ Kf6 31. Qe5+ Kf7 32. Nh4 Bd3 33. Bd2 Be4 34. g4 Qe7 35. Qxe7+ Kxe7 36. Nxf5+ Bxf5 37. gxf5 Kf6 38. Kf2 Kxf5 39. e4+ Kxe4 40. Bxh6 Kxd4 41. Ke2 Kc4 42. h4 b5 43. h5 a5 44. Bd2 b4 45. b3+ Kd4 46. h6 Ke4 47. Bc1 d4 48. Bg5 d3+ 49. Kd2 Kf5 50. Be3 Ke4 51. Bb6 1-0

[Event "Madrid-ch Seniors"]
[Site "Madrid"]
[Date "2016.01.12"]
[Round "2"]
[White "Salgado Duarte, Pablo"]
[Black "Minguela Munoz, Bienvenido"]
[Result "0-1"]
[WhiteElo "1518"]
[BlackElo "1728"]
[PlyCount "150"]
[EventDate "2016.01.11"]
[EventType "swiss"]
[EventRounds "9"]
[EventCountry "ESP"]
[SourceTitle "EXT 2017"]
[Source "ChessBase"]
[SourceDate "2016.10.25"]
[SourceVersion "1"]
[SourceVersionDate "2016.10.25"]
[SourceQuality "1"]

1. d4 Nf6 2. c4 e6 3. Nc3 Bb4 4. Bd2 0-0 5. Nf3 b6 6. e3 Bb7 7. Be2 d5 8. 0-0 dxc4 9. Bxc4 a6 10. Bd3 Nbd7 11. a3 Bd6 12. Re1 e5 13. e4 exd4 14. Nxd4 Ne5 15. Bc2 Neg4 16. Nf3 Bc5 17. Rf1 Nxf2 18. Rxf2 Ng4 19. Be1 Qe7 20. h3 Nxf2 21. Bxf2 Bxf2+ 22. Kxf2 Rad8 23. Qe2 Qc5+ 24. Qe3 Qh5 25. Qf4 Rd6 26. Kg1 Qc5+ 27. Kh1 Qf2 28. Qc1 Rg6 29. Ne1 Rd8 30. Nd5 Rd7 31. Qe3 Qf1+ 32. Kh2 Rxg2+ 33. Nxg2 Qxa1 34. Qd4 Bxd5 35. exd5 Qf1 36. Qe4 Kf8 37. Qxh7 Qf6 38. Qh8+ Ke7 39. Qh5 Qxb2 40. Qe2+ Kf8 41. Nf4 Qf6 42. Qe4 Re7 43. Qf5 Qxf5 44. Bxf5 g5 45. Ng2 Re5 46. Bd3 Rxd5 47. Bxa6 Ra5 48. Bb7 Rxa3 49. Ne1 b5 50. Nf3 f6 51. Nd4 Ke7 52. Nxb5 Rb3 53. Ba6 c5 54. Nc7 Kd6 55. Ne8+ Ke5 56. Kg2 f5 57. Ng7 f4 58. Be2 Re3 59. Bb5 Rb3 60. Be2 Rb4 61. Ne8 c4 62. Nc7 c3 63. Bd3 Rb2+ 64. Kf3 c2 65. Bxc2 Rxc2 66. Nb5 Rh2 67. Kg4 Rg2+ 68. Kf3 Rg3+ 69. Kf2 Rxh3 70. Na7 g4 71. Nc6+ Ke4 72. Nb4 g3+ 73. Kg2 Rh2+ 74. Kg1 f3 75. Na6 Rc2 0-1

[Event "San Sebastian de los Reyes op 17th"]
[Site "San Sebastian"]
[Date "2015.12.08"]
[Round "9"]
[White "Sacristan Virseda, Fernando"]
[Black "Minguela Munoz, Bienvenido"]
[Result "1-0"]
[WhiteElo "1951"]
[BlackElo "1726"]
[PlyCount "103"]
[EventDate "2015.11.30"]
[EventType "swiss"]
[EventRounds "9"]
[EventCountry "ESP"]
[SourceTitle "CBM 170 Extra"]
[Source "ChessBase"]
[SourceDate "2016.02.25"]
[SourceVersion "1"]
[SourceVersionDate "2016.02.25"]
[SourceQuality "1"]

1. b3 d5 2. Bb2 Nd7 3. e3 Ngf6 4. f4 c6 5. Nf3 e6 6. Be2 Be7 7. 0-0 Qc7 8. Ne5 Nf8 9. a4 Ng6 10. c4 0-0 11. d4 Nxe5 12. fxe5 Ne4 13. Nd2 Nxd2 14. Qxd2 f5 15. Ba3 a5 16. Bxe7 Qxe7 17. c5 Bd7 18. b4 axb4 19. Qxb4 Be8 20. Bd1 g5 21. Rb1 Rb8 22. Qd2 Bg6 23. Rb6 Kh8 24. Qb2 Rg8 25. a5 f4 26. exf4 gxf4 27. Rxf4 Be4 28. Rf2 Qg5 29. Bf3 Bd3 30. h3 Qe3 31. Kh2 Qe1 32. Qd2 Qxd2 33. Rxd2 Bf1 34. Bg4 Rg6 35. Rdb2 Bb5 36. a6 Ra8 37. axb7 Rb8 38. Ra2 Rgg8 39. Bxe6 Rge8 40. Bc8 Rbxc8 41. bxc8Q Rxc8 42. Ra7 Rg8 43. Rab7 Bf1 44. Rb8 Rxb8 45. Rxb8+ Kg7 46. Rb7+ Kg6 47. Rd7 Bb5 48. Kg3 h5 49. Kf3 Kg5 50. h4+ Kf5 51. Rd6 Ba4 52. Rf6# 1-0

[Event "San Sebastian de los Reyes op 17th"]
[Site "San Sebastian"]
[Date "2015.12.04"]
[Round "5"]
[White "Martinez Miura, Enrique"]
[Black "Minguela Munoz, Bienvenido"]
[Result "1/2-1/2"]
[WhiteElo "1611"]
[BlackElo "1726"]
[PlyCount "100"]
[EventDate "2015.11.30"]
[EventType "swiss"]
[EventRounds "9"]
[EventCountry "ESP"]
[SourceTitle "CBM 170 Extra"]
[Source "ChessBase"]
[SourceDate "2016.02.25"]
[SourceVersion "1"]
[SourceVersionDate "2016.02.25"]
[SourceQuality "1"]

1. e4 c5 2. c4 Nc6 3. Nc3 g6 4. g3 Bg7 5. Bg2 d6 6. Nge2 a6 7. 0-0 h5 8. h4 Bg4 9. f3 Bd7 10. Rb1 Nh6 11. a3 e6 12. d3 0-0 13. Be3 Kh7 14. d4 cxd4 15. Nxd4 Qc7 16. b3 Nxd4 17. Bxd4 d5 18. Bxg7 Kxg7 19. Qd4+ Kh7 20. Kh2 dxc4 21. bxc4 Bc6 22. Qc5 Rac8 23. Rfd1 Rfd8 24. Rxd8 Qxd8 25. Rd1 Qf6 26. Qe3 Rd8 27. Rxd8 Qxd8 28. c5 Qa5 29. Na2 Ng8 30. Nb4 Ne7 31. Bh3 Qd8 32. Qg5 a5 33. Nc2 Ba4 34. Nd4 Nc6 35. Qxd8 Nxd8 36. Bf1 e5 37. Nb5 Ne6 38. Nc3 Nxc5 39. Nxa4 Nxa4 40. Kg1 Kg7 41. Kf2 Kf6 42. Ke3 Nc5 43. Be2 Ke7 44. g4 hxg4 45. fxg4 Ne6 46. h5 g5 47. Kd2 Nf4 48. Bc4 f6 49. a4 Nh3 50. Be2 Nf4 1/2-1/2